| 000 | 01214nam a22003497a 4500 | ||
|---|---|---|---|
| 003 | CHAP | ||
| 005 | 20220802115311.0 | ||
| 008 | 971013s1995 r 00010 d | ||
| 010 | _a58005 | ||
| 011 | _a58977 | ||
| 035 | _a63134 | ||
| 040 | _cCHAP | ||
| 090 | _aTesis | ||
| 100 | 0 | 0 |
_aZepeda Cortés, Juan. _9123919 |
| 245 | _aAnálisis y proyectos para el desarrollo de la agroindustria piloncillera de la región de Huatusco, Ver. | ||
| 260 |
_aChapingo, Méx. : _bEl autor, _c1995 |
||
| 300 | _a199 h. | ||
| 502 | _aTesis (Ing. Agroindustrial) -- UACH. Departamento de Ingeniería Agroindustrial | ||
| 590 |
_aALEPH _b10 _c20130110 _lUCH01 _h1336 |
||
| 590 |
_aBATCH-UPD _b10 _c20130110 _lUCH01 _h0711 |
||
| 590 |
_aBATCH-UPD _b10 _c20130410 _lUCH01 _h0357 |
||
| 590 |
_aBATCH-UPD _b10 _c20130914 _lUCH01 _h0836 |
||
| 590 |
_aCONVERSION _b10 _c20130109 _lUCH01 _h1331 |
||
| 650 | 1 | 4 |
_aCaña de azúcar _xMercadeo. _918627 |
| 650 | 1 | 4 |
_aCaña de azúcar _xSubproductos. _918648 |
| 650 | 1 | 4 |
_aCaña de azúcar _zVeracruz. _918672 |
| 650 | 1 | 7 |
_aPanela _2 _988078 |
| 901 | _aBK | ||
| 942 | _cFOLL | ||
| 949 |
_bBC _cTES _d-135460 _eTS1 _h28519 _i63134 _si |
||
| 949 |
_bBC _cTES _d33724000079521 _eTS2 _fc.2 _h28530 _i63134 _si |
||
| 999 |
_c58005 _d58005 |
||